|
|
|
|
| LEADER |
01227nam a2200277 a 4500 |
| 001 |
GR-Patra13915 |
| 008 |
990125s1999 gr g b 001 b eng d |
| 020 |
|
|
|a 0201498375
|
| 040 |
|
|
|a GrPaTEI
|b gre
|c GR-PaULI
|
| 040 |
|
|
|a GrPaTEI
|b gre
|c GR-PaULI
|
| 082 |
|
0 |
|a 005.117
|2 21
|
| 245 |
0 |
0 |
|a Doing hard time :
|b developing real-time systems with UML, objects, frameworks, and patterns /
|c Bruce Powel Douglass.
|
| 260 |
|
|
|a Reading, Mass :
|b Addison-Wesley,
|c c1999
|
| 300 |
|
|
|a xxxiii, 766 σ.
|
| 490 |
1 |
|
|a The addison-Wesley object technology series
|
| 504 |
|
|
|a Περιλαμβάνει βιβλιογραφικές παραπομπές
|
| 650 |
|
0 |
|a Embedded computer systems
|x Programming
|
| 650 |
|
0 |
|a UML (Computer science)
|
| 650 |
|
4 |
|a Ηλεκτρονικοί υπολογιστές
|
| 650 |
|
4 |
|a Προγραμματισμός
|
| 700 |
1 |
|
|a Douglass, Bruce Powel
|
| 830 |
|
0 |
|1 00113916
|1 2001
|a The Addison-Wesley object technology series
|
| 942 |
|
|
|2 ddc
|
| 952 |
|
|
|0 0
|1 0
|2 ddc
|4 0
|6 005_100000000000000_DOU
|7 0
|9 292939
|a LISK
|b LISK
|c BSC
|d 2021-01-17
|e 24
|f 0
|g 0.00
|l 0
|o 005.1 DOU
|p 92410016798
|r 2021-01-17 00:00:00
|t 1
|w 2021-01-17
|y BK15
|x 20001108 0 1
|x GrPaTEI
|
| 971 |
|
|
|a .b26614303
|b 15-04-20
|c 23-09-16
|
| 999 |
|
|
|c 171224
|d 171224
|